Surfactants and interfacial phenomena

Salvato in:
Dettagli Bibliografici
Autore principale: Rosen, Milton J (Autore)
Natura: Libro
Lingua:inglese
Pubblicazione: Nueva York John Wiley 1978
Soggetti:
Tags: Aggiungi Tag
Nessun Tag, puoi essere il primo ad aggiungerne!!

MARC

LEADER 00000nam a2200000 a 4500
001 UCU7239
003 CL-VaPUC
008 960628e19780000US |||||||||||||||||eng|d
082 0 4 |a 668.1  |b ROS  |2 21 
100 0 |a Rosen, Milton J  |e author  |9 365898 
245 1 0 |a Surfactants and interfacial phenomena 
300 |a 304 p 
942 |c BK 
945 |d 19960628 00:00:00  |a paguirre 
260 |a Nueva York  |b John Wiley  |c 1978 
650 0 |a Tecnología química   |9 263002 
650 7 |a JABONES  |2 CL-VaPUC  |9 365645 
650 0 |a Agentes tensioactivos   |9 361349 
650 7 |a SOLUCIONES  |2 CL-VaPUC  |9 352261 
650 7 |a DETERGENTES  |2 CL-VaPUC  |9 263948 
650 0 |a Emulsiones  |9 325276 
583 |a last modification  |c 19960628 00:00:00  |k Rodrigo Vera 
999 |c 249917  |d 249915